000 00982agaaa2200265 4500
001 5047
003 IT-RoPAU
005 20220918181310.0
007 d cvaizq
008 50131s9999||||xx ||| | || ||und||
040 _aIT-RoPAU
_cIT-RoPAU
041 _aITALIANO
100 _aVezzani Lorenzo
_gCodice regista SPICS: 1405
_955800
130 _aMONTAGGIO PUBBLICITA' TV 58
_955801
245 _aMONTAGGIO PUBBLICITA' TV 58
_cDiretto da: Vezzani Lorenzo
_pMONTAGGIO PUBBLICITA' TV 58 (Rif. Codice opera principale : B5047)
250 _aEdizione Standard
260 _aROMA (ITALIA)
_bSPICS RECORDS /
_c"1992 (1° ed.: 1992 ; Ed. Lingua Orig.: 1992)"
300 _aVHS
_bsonoro, col.
_c120 minuti
520 _aSPOT PUBBLICITARI 1992
538 _aPAL, STEREO
546 _aITALIANO
650 _aSPOT-TV
_eTV-PROGRAMMI DI PUBBLICITA' [VHS]
_xCodice MATERIA SPICS: 9968
_955802
700 _aVezzani Lorenzo
_e(regista)
_gCodice regista SPICS: 1405
_955803
942 _cVH
_2ddc
999 _c108474
_d108474